Statistics for Hockey: Team USA Miracle on Ice roster (1980)

Click here to take the quiz!

General Stats

  • This quiz has been taken 42 times
  • The average score is 5 of 20

Answer Stats

HintAnswer% Correct
G #30 JimCraig
95%
D #17 JackO'Callahan
61%
D #6 BillBaker
50%
LW #8 DaveSilk
42%
G #1 SteveJanaszak
39%
D #20 BobSuter
34%
C #15 MarkWells
26%
C #16 MarkPavelich
24%
LW #24 RobMcClanahan
21%
RW #19 EricStrobel
21%
D #5 MikeRamsey
11%
C #9 NealBroten
8%
C #10 MarkJohnson
8%
D #3 KenMorrow
8%
RW #11 SteveChristoff
8%
LW #27 PhilVerchota
5%
RW #28 JohnHarrington
5%
LW #25 BuzzSchneider
0%
D #23 DaveChristian
0%
RW #21 MikeEruzione
0%

Score Distribution

Percentile by Number Answered

Percent of People with Each Score

Your Score History

You have not taken this quiz